| 000 | 00481nam a22001817a 4500 | ||
|---|---|---|---|
| 003 | CEME | ||
| 005 | 20210628203643.0 | ||
| 008 | 210317b xxu||||| |||| 00| 0 eng d | ||
| 020 | _a0-12-464960-2 | ||
| 040 | _c. | ||
| 082 | _a530.662 MAD'P | ||
| 100 |
_aShaw, M. P , Madan, Arun _966721 |
||
| 245 | _aThe phusics and applications of amorphous semiconductors | ||
| 260 |
_aBOSTON _bAP _c1988 |
||
| 300 | _a545P | ||
| 650 |
_aAMORPHOUS SEMICONDUCTORS _958889 |
||
| 942 |
_cBK _2ddc |
||
| 999 |
_c574639 _d574639 |
||